000 00595nam a2200229Ia 4500
003 OSt
005 20220928122310.0
006 a|||||r|||| 00| 0
007 ta
008 220927b |||||||| |||| 00| 0 eng d
024 _a55467
037 _cTextual
040 _aSDCL
_cSDCL
_beng
041 _2eng
_aeng
082 _aY:7, L3
100 _aLevine Robert A
_9368602
245 0 _aCulture behavior and personality
260 _aChicago
_bAldine Publishing
_c1973
300 _axiv,319p
_ccm.
942 _hY:7, L3
_cTEXL
_2CC
999 _c770753
_d770753